Państwa w dorzeczu Dunaju - nagła śmierć - Statystyki

Ogólne statystyki
  • Ten quiz został rozwiązany 28 razy
  • Średni wynik to 12 z 19
Answers on the Grid
Answers color-coded by a green-red scale on the quiz's grid according to % correct below.
Austria
Słowacja
Węgry
Niemcy
Czechy
Polska
Rumunia
Serbia
Chorwacja
Ukraina
Mołdawia
Bułgaria
Szwajcaria
Włochy
Słowenia
Bośnia i Hercegowina
Czarnogóra
Macedonia Północna
Albania
Francja
Holandia
Belgia
Luksemburg
Białoruś
Liechtenstein
Kosowo
Rosja
Dania
Białoruś
Grecja
Hiszpania
Szwecja
 
Statystyki odpowiedzi
Odpowiedź % Poprawnych
Węgry
100%
Rumunia
93%
Słowacja
93%
Serbia
86%
Słowenia
86%
Austria
79%
Bułgaria
79%
Chorwacja
71%
Czechy
64%
Mołdawia
64%
Niemcy
64%
Polska
64%
Bośnia i Hercegowina
43%
Czarnogóra
36%
Macedonia Północna
36%
Szwajcaria
36%
Ukraina
36%
Włochy
29%
Albania
21%
Nie znaleziono quizów pasujących do podanych kryteriów
Rozkład punktacji
Procent ludzi z każdym wynikiem
Percentyl według liczby udzielonych odpowiedzi
Twoja historia wyników
Nie rozwiązałeś tego quizu